FICG 24 : Festival Internacional de Cine en Guadalajara, México : 19 al 27 de marzo 09 = Guadalajara Film Festival /

Guardado en:
Detalles Bibliográficos
Autor corporativo: Festival Internacional de Cine en Guadalajara ( Guadalajara, México)
Formato: Procedimiento de la conferencia Libro
Idioma:Español
Publicado: Guadalajara, México : Festival Internacional de Cine en Guadalajara, 2009
Temas:
Etiquetas: Agrega una etiqueta
Sin etiquetas, Sé el primero en etiquetar este registro!

MARC

LEADER 00000nam^a2200000^a^4500
001 000315713
005 20260306000000.0
009 20260407173234.892
037 |a Acervo ITESO - Biblioteca 
041 |a ESP 
082 |a 302. 23550972352  |b FICG 2009 
111 |a Festival Internacional de Cine en Guadalajara (  |n 24° :  |d 2009 :  |c Guadalajara, México) 
240 1 1 |a [FICG] 
240 1 1 |a [FICG: catálogos] 
240 1 1 |a [FICG 24] 
240 1 1 |a [Festival Internacional de Cine en Guadalajara] 
240 1 1 |a [Festival Internacional de Cine en Guadalajara: catálogos] 
240 1 1 |a [Festival Internacional de Cine en Guadalajara 2009] 
245 1 0 |a FICG 24 :  |b Festival Internacional de Cine en Guadalajara, México : 19 al 27 de marzo 09 = Guadalajara Film Festival / 
264 1 |a Guadalajara, México :  |b Festival Internacional de Cine en Guadalajara,  |c 2009 
300 |a 383 p. 
336 |a texto  |b txt  |2 rdacontenido 
337 |a sin mediación  |b n  |2 rdamedio 
338 |a volumen  |b nc  |2 rdasoporte 
546 |a Edición bilingüe español-inglés 
585 |a Festival Internacional de Cine en Guadalajara (24°: 2009) 
649 |a XX 
650 |a Cineastas Colombianos -  |x Homenajes 
650 |a Cineastas Mexicanos -  |x Homenajes 
650 |a Actores Mexicanos -  |x Homenajes 
650 |a Promotores Culturales Mexicanos -  |x Homenajes 
650 |a Películas Infantiles -  |z Holanda -  |x Ciclos y Retrospectivas 
650 |a Películas Infantiles -  |z Iberoamérica -  |x Ciclos y Retrospectivas 
650 |a Cine Mexicano -  |x Festivales -  |x Catálogos -  |x Tema Principal 
650 |a Cine Mexicano -  |x Ciclos y Retrospectivas 
650 |a Cine Mexicano -  |x Historia y Crítica 
650 |a Cine Mexicano -  |y 2000-2009 
650 |a Cine Mexicano -  |y Siglo XX 
650 |a Cine Mexicano -  |y Siglo XXI 
650 |a Cine Catalán -  |x Ciclos y Retrospectivas 
650 |a Cine Español -  |x Ciclos y Retrospectivas 
650 |a Cine Colombiano -  |x Ciclos y Retrospectivas 
650 |a Cine Cubano -  |x Ciclos y Retrospectivas 
650 |a Cine Iberoamericano -  |x Festivales -  |x Catálogos -  |x Tema Principal 
650 |a Cine Iberoamericano -  |x Historia y Crítica 
650 |a Cine Iberoamericano -  |y 2000-2009 
650 |a Cine Iberoamericano -  |y Siglo XXI 
650 |a Cine Holandés -  |x Ciclos y Retrospectivas 
650 |a Cine Noruego -  |x Ciclos y Retrospectivas 
650 |a Cine -  |z Guadalajara, Jalisco -  |x Festivales -  |x Catálogos -  |x Tema Principal 
650 |a Cine -  |z México -  |x Festivales -  |x Catálogos 
650 |a Cine -  |x Festivales -  |x Catálogos 
650 |a Gavaldón, Roberto 
650 |a Gaviria, Víctor 
650 |a González Casanova, Manuel 
650 |a Infante, Pedro 
910 |a Fondo General 
920 |a Impresos - Libros 
930 |a Obras de Referencia 
905 |a 102 
901 |a 0500202630  |b IT2  |c REF  |i C129670  |u 20260306 
902 |a https://opac.biblio.iteso.mx/vufind/Record/000315713